000
00240nam a22001097a 4500
082
_a
388.42LES
100
_a
Lesley L
245
_a
Light rall devlopers handbook
260
_a
New Delhi
_b
Cengagelerning
_c
2011
300
_a
267p
942
_c
BK
999
_c
14516
_d
14516